Neživotné poistenie

Guardado en:
Detalles Bibliográficos
Autor principal: Fecenko, Jozef
Autor Corporativo: Ekonomická univerzita v Bratislave. Fakulta hospodárskej informatiky
Formato: Libro
Lenguaje:eslovaco
Publicado: Bratislava Vydavateľstvo EKONÓM 2006
Materias:
Etiquetas: Agregar Etiqueta
Sin Etiquetas, Sea el primero en etiquetar este registro!

MARC

LEADER 00000nam$a2200000$$$4500
001 0045369
005 20240502071526.6
020 |a 80-225-2191-4 
041 0 |a slo 
044 |a SK 
245 1 0 |a Neživotné poistenie  |c Jozef Fecenko 
264 1 |a Bratislava  |b Vydavateľstvo EKONÓM  |c 2006 
300 |a 199 s. 
610 2 0 |a poistenie neživotné 
610 2 0 |a poisťovníctvo 
610 2 0 |a poistenie 
610 2 0 |a poistné 
100 1 |a Fecenko, Jozef 
710 2 |a Ekonomická univerzita v Bratislave. Fakulta hospodárskej informatiky